• AIU
  • Tony Wilmot Memorial Library

"Gegin min di -kamin=Tumag. (Record no. 39619)

MARC details
000 -LEADER
fixed length control field 00544nam a22001811a 4500
005 - DATE AND TIME OF LATEST TRANSACTION
control field 20110718133034.0
008 - FIXED-LENGTH DATA ELEMENTS--GENERAL INFORMATION
fixed length control field 091005s1988 miu 001 0 eng d
020 ## - INTERNATIONAL STANDARD BOOK NUMBER
Terms of availability 0.00
040 ## - CATALOGING SOURCE
Original cataloging agency NEGST Library - Kenya
050 #4 - LIBRARY OF CONGRESS CALL NUMBER
Classification number BS 325.T86 1988
082 0# - DEWEY DECIMAL CLASSIFICATION NUMBER
Classification number BS 325.T86 1988
245 01 - TITLE STATEMENT
Title "Gegin min di -kamin=Tumag.
260 ## - PUBLICATION, DISTRIBUTION, ETC. (IMPRINT)
Place of publication, distribution, etc Grand Rapids, Michigan :
Name of publisher, distributor, etc Bibles International,
Date of publication, distribution, etc 1988.
300 ## - PHYSICAL DESCRIPTION
Extent 772 p.;
500 ## - GENERAL NOTE
General note Africanan Includes maps.
600 10 - SUBJECT ADDED ENTRY--PERSONAL NAME
Personal name Tumag language - Bible.
852 ## - LOCATION/CALL NUMBER
-- 4.00
Holdings
Withdrawn status Lost status Source of classification or shelving scheme Damaged status Not for loan Collection code Home library Current library Shelving location Date acquired Cost, normal purchase price Total Checkouts Full call number Barcode Date last seen Price effective from Koha item type
    Library of Congress Classification     Reference AIU/NEGST - Tony Wilmot Memorial Library AIU/NEGST - Tony Wilmot Memorial Library Reference 01/25/2010 4.00   REF BS 325.T86 1988 R34676N3232 09/26/2019 01/25/2010 Reference